[Event "Moscow op-B"]
[Site "Moscow"]
[Date "2009.02.03"]
[Round "4"]
[White "Yudin, Andrey"]
[Black "Kagner, Roman"]
[Result "0-1"]
[WhiteElo "2013"]
[BlackElo "1737"]
[PlyCount "58"]
[EventDate "2009.01.31"]
[EventType "swiss"]
[EventRounds "9"]
[EventCountry "RUS"]
[SourceTitle "EXT 2012"]
[Source "ChessBase"]
[SourceDate "2011.11.24"]
[SourceVersion "1"]
[SourceVersionDate "2011.11.24"]
[SourceQuality "1"]

1. d4 d5 2. c4 e6 3. Nf3 Nf6 4. g3 c6 5. Bg2 Nbd7 6. Nbd2 b6 7. 0-0 Bb7 8. b3 Be7 9. a4 0-0 10. e3 c5 11. Ba3 cxd4 12. Bxe7 Qxe7 13. Nxd4 Ne5 14. Rc1 Rac8 15. cxd5 Nxd5 16. Qh5 Ng6 17. Ne4 Ba6 18. Rfd1 Rxc1 19. Rxc1 Qa3 20. Qd1 Ne5 21. Nc3 Nd3 22. Rc2 N5b4 23. Rd2 Rc8 24. Ncb5 Qc1 25. Nxa7 Nb2 26. Ne2 Qxd1+ 27. Rxd1 Nxd1 28. Nxc8 Bxc8 29. Nd4 Nd3 0-1

[Event "Moscow RGUFK Rating 05"]
[Site "Moscow"]
[Date "2007.??.??"]
[Round "3"]
[White "Djafarov, Djafar"]
[Black "Yudin, Andrey"]
[Result "0-1"]
[WhiteElo "1840"]
[BlackElo "2036"]
[PlyCount "38"]
[EventDate "2007.05.11"]
[EventType "tourn"]
[EventRounds "9"]
[EventCountry "RUS"]
[SourceTitle "EXT 2022"]
[Source "ChessBase"]
[SourceDate "2021.10.06"]
[SourceVersion "1"]
[SourceVersionDate "2021.10.06"]
[SourceQuality "1"]

1. e4 e5 2. Nf3 Nc6 3. Nc3 Nf6 4. Bb5 Nd4 5. Bd3 Nxf3+ 6. Qxf3 Bc5 7. 0-0 d6 8. Qd1 Ng4 9. Be2 h5 10. Na4 Qh4 11. h3 Bxf2+ 12. Rxf2 Qxf2+ 13. Kh1 Qf4 14. hxg4 hxg4+ 15. Kg1 g3 16. Bf3 Qh6 17. Kf1 Qe6 18. Kg1 Qc4 19. Nc3 Qd4+ 0-1